000 00298nam a2200097Ia 4500
001 802062
005 20250826171049.0
008 250824s9999 xx 000 0 und d
245 0 _aNEŞELİ ,KEYİFLİ, MACERA VE BİLGİ DOLU OSMANLI TARİHİ 5
_cZEHRA AYGÜL
260 _bUĞUR BÖCEGİ YAYINLARI
999 _c802062
_d802062